Uncertainty in remote sensing and GIS (Record no. 103485)

MARC details
000 -LEADER
fixed length control field 03453cam a2200853 4500
008 - FIXED-LENGTH DATA ELEMENTS--GENERAL INFORMATION
fixed length control field 040419n2002 000 0 eng u
020 ## - INTERNATIONAL STANDARD BOOK NUMBER
International Standard Book Number 0470844086
035 ## - SYSTEM CONTROL NUMBER
System control number (Sirsi) u125864
041 ## - LANGUAGE CODE
Language code of text/sound track or separate title eng
050 ## - LIBRARY OF CONGRESS CALL NUMBER
Classification number 526.982
-- 18
100 ## - MAIN ENTRY--PERSONAL NAME
Personal name Foody, Giles M.
245 ## - TITLE STATEMENT
Title Uncertainty in remote sensing and GIS
260 ## - PUBLICATION, DISTRIBUTION, ETC.
Place of publication, distribution, etc. Chichester
Name of publisher, distributor, etc. Wiley
Date of publication, distribution, etc. 2002
300 ## - PHYSICAL DESCRIPTION
Extent xvi, 307p.
Other physical details ill.
Dimensions 26cm.
350 ## - PRICE (NR) (BK AM CF MU VM SE) [OBSOLETE]
Price 70
505 ## - FORMATTED CONTENTS NOTE
Formatted contents note Uncertainty in remote sensing and GIS: fundamentals
505 ## - FORMATTED CONTENTS NOTE
Formatted contents note Uncertainty in remote sensing
505 ## - FORMATTED CONTENTS NOTE
Formatted contents note Toward a comprehensive view of uncertainty in remote sensing
505 ## - FORMATTED CONTENTS NOTE
Formatted contents note On the ambiguity induced by a remote sensor's PSF
505 ## - FORMATTED CONTENTS NOTE
Formatted contents note Pixel unmixing at the sub-pixel scale based on land cover class probabilities: application to urban areas
505 ## - FORMATTED CONTENTS NOTE
Formatted contents note Super-resolution land cover mapping from remotely sensed imagery using a Hopfield neural network
505 ## - FORMATTED CONTENTS NOTE
Formatted contents note Uncertainty in land cover mapping from remotely sensed data using textural algorithm and artificial neural networks
505 ## - FORMATTED CONTENTS NOTE
Formatted contents note Remote monitoring of the impact of ENSO-related drought on Sabah Rainforest using NOAA AVHRR middle infrared reflectance: exploring emissivity uncertainty
505 ## - FORMATTED CONTENTS NOTE
Formatted contents note Land cover map 2000 and meta-data at land parcel level
505 ## - FORMATTED CONTENTS NOTE
Formatted contents note Analysing uncertainty propagation in GIS: why is it not that simple?
505 ## - FORMATTED CONTENTS NOTE
Formatted contents note Managing uncertainty in a geospatial model of biodiversity
505 ## - FORMATTED CONTENTS NOTE
Formatted contents note The effects of uncertainty in deposition data on predicting exceedances of acidity cricial loads for sensitive UK ecosystems
505 ## - FORMATTED CONTENTS NOTE
Formatted contents note Vertical and horizontal spatial variation of geostatistical prediction
505 ## - FORMATTED CONTENTS NOTE
Formatted contents note Geostatistical prediction and simulation of the lateral and vertical extent of soil horizons
505 ## - FORMATTED CONTENTS NOTE
Formatted contents note Increasing the accuracy of predictions of monthly precipitation in Great Britain using Kriging with an external drift
505 ## - FORMATTED CONTENTS NOTE
Formatted contents note Conditional simulation applied to uncertainty assessment in DTMs
505 ## - FORMATTED CONTENTS NOTE
Formatted contents note Current status of uncertainty issues in remote sensing and GIS
520 ## - SUMMARY, ETC.
Summary, etc. Provides focussed discussions on uncertainty in remote sensing and GIS that illustrate the range of uncertainties that may occur, as well as describing the means of measuring uncertainty and the impacts of uncertainty on analyses and interpretations made. References.
650 ## - SUBJECT ADDED ENTRY--TOPICAL TERM
Topical term or geographic name entry element REMOTE SENSING
650 ## - SUBJECT ADDED ENTRY--TOPICAL TERM
Topical term or geographic name entry element GEOGRAPHIC INFORMATION SCIENCE
650 ## - SUBJECT ADDED ENTRY--TOPICAL TERM
Topical term or geographic name entry element UNCERTAINTY
650 ## - SUBJECT ADDED ENTRY--TOPICAL TERM
Topical term or geographic name entry element GIS
690 ## - LOCAL SUBJECT ADDED ENTRY--TOPICAL TERM (OCLC, RLIN)
Topical term or geographic name as entry element GEOMATICS
9 (RLIN) 6242
700 ## - ADDED ENTRY--PERSONAL NAME
Personal name Atkinson, Peter M.
700 ## - ADDED ENTRY--PERSONAL NAME
Personal name Boyd, D.
700 ## - ADDED ENTRY--PERSONAL NAME
Personal name Collins, M.
700 ## - ADDED ENTRY--PERSONAL NAME
Personal name Curran, P.
700 ## - ADDED ENTRY--PERSONAL NAME
Personal name Dungan, J.
700 ## - ADDED ENTRY--PERSONAL NAME
Personal name Duane, W.
700 ## - ADDED ENTRY--PERSONAL NAME
Personal name Ehlers, P.
700 ## - ADDED ENTRY--PERSONAL NAME
Personal name Fuller, R.
700 ## - ADDED ENTRY--PERSONAL NAME
Personal name Hall, J.
700 ## - ADDED ENTRY--PERSONAL NAME
Personal name Heuvelink, G.
700 ## - ADDED ENTRY--PERSONAL NAME
Personal name Heywood, E.
700 ## - ADDED ENTRY--PERSONAL NAME
Personal name Jakomulska, A.
700 ## - ADDED ENTRY--PERSONAL NAME
Personal name Johnson, E.
700 ## - ADDED ENTRY--PERSONAL NAME
Personal name Lewis, H.
700 ## - ADDED ENTRY--PERSONAL NAME
Personal name Lloyd, C.
700 ## - ADDED ENTRY--PERSONAL NAME
Personal name Lucieer, A.
700 ## - ADDED ENTRY--PERSONAL NAME
Personal name Manslow, J.
700 ## - ADDED ENTRY--PERSONAL NAME
Personal name Molenaar, M.
700 ## - ADDED ENTRY--PERSONAL NAME
Personal name Nixon, M.
700 ## - ADDED ENTRY--PERSONAL NAME
Personal name Nonin, P.
700 ## - ADDED ENTRY--PERSONAL NAME
Personal name Odeh, I.
700 ## - ADDED ENTRY--PERSONAL NAME
Personal name Oliver, M.
700 ## - ADDED ENTRY--PERSONAL NAME
Personal name Phipps, P.
700 ## - ADDED ENTRY--PERSONAL NAME
Personal name Radomski, J.
700 ## - ADDED ENTRY--PERSONAL NAME
Personal name Schmitt, M.
700 ## - ADDED ENTRY--PERSONAL NAME
Personal name Senegas, J.
700 ## - ADDED ENTRY--PERSONAL NAME
Personal name Smith, G.
700 ## - ADDED ENTRY--PERSONAL NAME
Personal name Tatem, A.
700 ## - ADDED ENTRY--PERSONAL NAME
Personal name Wadsworth, R.
700 ## - ADDED ENTRY--PERSONAL NAME
Personal name Wameling, A.
700 ## - ADDED ENTRY--PERSONAL NAME
Personal name Warr, B.
700 ## - ADDED ENTRY--PERSONAL NAME
Personal name Warren, A.
700 ## - ADDED ENTRY--PERSONAL NAME
Personal name Woodcock, C.
700 ## - ADDED ENTRY--PERSONAL NAME
Personal name Zhan, Q.
942 ## - ADDED ENTRY ELEMENTS (KOHA)
Suppress in OPAC 0
Holdings
Withdrawn status Lost status Source of classification or shelving scheme Damaged status Not for loan Home library Current library Shelving location Date acquired Cost, normal purchase price Total Checkouts Full call number Barcode Date last seen Copy number Cost, replacement price Price effective from Koha item type
    Dewey Decimal Classification     London London Books 30/06/2004 59.50   526.982 FOO 30069315 06/08/2019 1 59.50 06/08/2019 Book